[Event "Qatar Masters Open 2015"]
[Site "Doha QAT"]
[Date "2015.12.21"]
[Round "2.13"]
[White "Al-Sayed, Mohammed"]
[Black "Matlakov, Maxim"]
[Result "1/2-1/2"]
[WhiteElo "2520"]
[BlackElo "2684"]
[PlyCount "61"]
[EventDate "2015.12.20"]
[EventType "swiss"]
[EventRounds "9"]
[EventCountry "QAT"]
[Source "lmi"]
[SourceDate "2015.12.20"]

1. d4 d5 2. c4 c6 3. Nc3 Nf6 4. e3 Bf5 5. cxd5 cxd5 6. Qb3 Nc6 7. Qxb7 Bd7 8.
Qb3 Rb8 9. Qd1 e5 10. Nf3 Bd6 11. dxe5 Nxe5 12. Be2 Nxf3+ 13. Bxf3 Qc7 14. h3
O-O 15. O-O Rfd8 16. a4 Bh2+ 17. Kh1 Be5 18. Nxd5 Nxd5 19. Bxd5 Bxh3 20. gxh3
Qd7 21. Kg2 Qxd5+ 22. Qxd5 Rxd5 23. e4 Rd6 24. Be3 Bd4 25. Bxd4 Rxd4 26. Rfd1
Rxe4 27. Rd7 h5 28. Ra3 Rf4 29. Rxa7 Rxb2 30. Rf3 Rxf3 31. Kxf3 1/2-1/2

[Event "Qatar Masters Open 2015"]
[Site "Doha QAT"]
[Date "2015.12.21"]
[Round "2.15"]
[White "Sundararajan, Kidambi"]
[Black "Duda, Jan-Krzysztof"]
[Result "1/2-1/2"]
[WhiteElo "2513"]
[BlackElo "2663"]
[PlyCount "95"]
[EventDate "2015.12.20"]
[EventType "swiss"]
[EventRounds "9"]
[EventCountry "QAT"]
[Source "lmi"]
[SourceDate "2015.12.20"]

1. d4 Nf6 2. c4 e6 3. Nf3 b6 4. a3 Bb7 5. Nc3 Ne4 6. Nxe4 Bxe4 7. e3 Bb7 8. Bd3
c5 9. O-O Be7 10. Rb1 O-O 11. d5 d6 12. b4 Nd7 13. Qc2 h6 14. dxe6 fxe6 15. Be4
Qc7 16. Bb2 e5 17. Bxb7 Qxb7 18. Nd2 cxb4 19. axb4 a6 20. Ne4 Rac8 21. Qd3 Qc7
22. Rbc1 Nf6 23. Ng3 a5 24. bxa5 bxa5 25. Qg6 Ne8 26. c5 dxc5 27. Qe6+ Rf7 28.
Bxe5 Qc6 29. Qc4 Kf8 30. Ne2 Nd6 31. Qg4 Qe4 32. Nf4 Qf5 33. h3 Ke8 34. Qxf5
Nxf5 35. Rfd1 c4 36. e4 Nd6 37. Rxd6 Bxd6 38. Bxd6 Rc6 39. Be5 Re7 40. Bc3 Rxe4
41. Nh5 Kf7 42. Nxg7 Re7 43. Nf5 Ra7 44. Bxa5 Rxa5 45. Rxc4 Rxc4 46. Nd6+ Ke6
47. Nxc4 Ra4 48. Ne3 1/2-1/2

[Event "Qatar Masters Open 2015"]
[Site "Doha QAT"]
[Date "2015.12.21"]
[Round "2.16"]
[White "Dubov, Daniil"]
[Black "Gagare, Shardul"]
[Result "1/2-1/2"]
[WhiteElo "2655"]
[BlackElo "2470"]
[PlyCount "93"]
[EventDate "2015.12.20"]
[EventType "swiss"]
[EventRounds "9"]
[EventCountry "QAT"]
[Source "lmi"]
[SourceDate "2015.12.20"]

1. c4 e6 2. Nc3 d5 3. d4 Nf6 4. cxd5 exd5 5. Bg5 Be7 6. e3 O-O 7. Bd3 Nbd7 8.
Nf3 c6 9. Qc2 Re8 10. O-O-O Nf8 11. Rdg1 Be6 12. Bxf6 Bxf6 13. g4 g6 14. h4 c5
15. g5 Bg7 16. dxc5 Rc8 17. Nd4 Rxc5 18. Kb1 Bd7 19. Qd2 Ne6 20. Nce2 Qb6 21.
h5 Rc7 22. hxg6 hxg6 23. Nxe6 Rxe6 24. Rh4 a5 25. Nd4 Re8 26. Rgh1 Qb4 27. Qe2
Qe7 28. Rg1 Rec8 29. Qd2 b6 30. a3 Re8 31. Rhh1 Rc5 32. Rg3 Ba4 33. f4 Bd7 34.
f5 Bxf5 35. Nxf5 gxf5 36. g6 Qe5 37. gxf7+ Kxf7 38. Rf3 Ke7 39. Rxf5 Qg3 40.
Rh7 Kd6 41. Rf7 Qxe3 42. Qh2+ Ke6 43. Bg6 Rc1+ 44. Ka2 a4 45. Qh3+ Qxh3 46.
Rxh3 Rf8 47. Rxf8 1/2-1/2

[Event "Qatar Masters Open 2015"]
[Site "Doha QAT"]
[Date "2015.12.21"]
[Round "2.17"]
[White "Yuffa, Daniil"]
[Black "Bologan, Viktor"]
[Result "1-0"]
[WhiteElo "2504"]
[BlackElo "2654"]
[PlyCount "75"]
[EventDate "2015.12.20"]
[EventType "swiss"]
[EventRounds "9"]
[EventCountry "QAT"]
[Source "lmi"]
[SourceDate "2015.12.20"]

1. d4 d5 2. c4 c6 3. Nc3 dxc4 4. e4 b5 5. a4 b4 6. Nb1 Nf6 7. e5 Nd5 8. Bxc4 e6
9. Nf3 Be7 10. O-O Bb7 11. Nbd2 Nd7 12. Ne4 h6 13. a5 Rc8 14. Bxd5 cxd5 15.
Nd6+ Bxd6 16. exd6 Ba6 17. Re1 O-O 18. Bd2 Rb8 19. Ne5 Nxe5 20. dxe5 f5 21. Qh5
Kh7 22. Rac1 Rb7 23. Rc5 b3 24. h4 Bb5 25. Bg5 Qxa5 26. Rec1 Qb4 27. Rc7 Rxc7
28. Rxc7 Qe1+ 29. Kh2 Qxe5+ 30. f4 Qd4 31. Qxh6+ Kg8 32. Qxe6+ Kh8 33. Qe5 Qxe5
34. fxe5 Re8 35. Be7 d4 36. d7 Bxd7 37. Rxd7 d3 38. Bb4 1-0

[Event "Qatar Masters Open 2015"]
[Site "Doha QAT"]
[Date "2015.12.21"]
[Round "2.18"]
[White "Ganguly, Surya Shekhar"]
[Black "Fang, Yuxiang"]
[Result "1/2-1/2"]
[WhiteElo "2648"]
[BlackElo "2438"]
[PlyCount "69"]
[EventDate "2015.12.20"]
[EventType "swiss"]
[EventRounds "9"]
[EventCountry "QAT"]
[Source "lmi"]
[SourceDate "2015.12.20"]

1. d4 d5 2. c4 c6 3. Nc3 Nf6 4. e3 a6 5. Nf3 g6 6. Be2 Bg7 7. O-O O-O 8. a4 a5
9. cxd5 cxd5 10. Qb3 Nc6 11. Bd2 Rb8 12. Rfc1 Bf5 13. Be1 Nb4 14. Ne5 Nd7 15.
Nxd5 Nxd5 16. Qxd5 Nxe5 17. Qxd8 Rfxd8 18. dxe5 Bxe5 19. Bxa5 b6 20. Bc3 Bxc3
21. bxc3 Rd2 22. Kf1 Rb2 23. Ke1 Rd8 24. Rd1 Rc8 25. c4 Ra8 26. Bf3 Rc8 27. Be2
Ra8 28. Rd5 Be6 29. Re5 Rb4 30. c5 Ra5 31. Bb5 bxc5 32. Rxc5 Bd7 33. Rd1 Bxb5
34. Rxb5 Raxb5 35. axb5 1/2-1/2

[Event "Qatar Masters Open 2015"]
[Site "Doha QAT"]
[Date "2015.12.21"]
[Round "2.19"]
[White "Xu, Yinglun"]
[Black "Sjugirov, Sanan"]
[Result "1/2-1/2"]
[WhiteElo "2470"]
[BlackElo "2646"]
[PlyCount "124"]
[EventDate "2015.12.20"]
[EventType "swiss"]
[EventRounds "9"]
[EventCountry "QAT"]
[Source "lmi"]
[SourceDate "2015.12.20"]

1. d4 Nf6 2. c4 g6 3. Nc3 d5 4. Nf3 Bg7 5. e3 O-O 6. Be2 c5 7. dxc5 dxc4 8. O-O
Qa5 9. Qd4 Nbd7 10. c6 bxc6 11. Qxc4 Ne5 12. Nxe5 Qxe5 13. Qxc6 Rb8 14. Qa4 Bf5
15. Bf3 a5 16. Qh4 Rb4 17. Qg3 Qe6 18. Qc7 Ne4 19. Qxa5 Rfb8 20. a3 Rb3 21.
Nxe4 Bxe4 22. Bxe4 Qxe4 23. Rd1 Rd3 24. Rxd3 Qxd3 25. Qd2 Qxd2 26. Bxd2 Rxb2
27. Rd1 f5 28. h4 Kf7 29. g3 Ra2 30. Bb4 Ke6 31. Kg2 Be5 32. Rd8 Bf6 33. Kf3
Ra1 34. Ra8 h5 35. Ra7 g5 36. hxg5 Bxg5 37. Bc3 Rc1 38. Ra6+ Kf7 39. Be5 h4 40.
gxh4 Bxh4 41. a4 Rc2 42. Bg3 Bf6 43. Kf4 Rc5 44. Ra7 Be5+ 45. Kf3 Bxg3 46. Kxg3
Rc4 47. a5 Ra4 48. a6 Ke6 49. Ra8 Kd7 50. f4 Ra3 51. Kf3 Ra2 52. a7 Ra3 53. Ke2
Ra2+ 54. Kd3 Ra3+ 55. Ke2 Ra2+ 56. Ke1 Ra4 57. Kf2 Ra2+ 58. Kg3 Ra3 59. Kh4 Ke6
60. Kg5 Ra1 61. Kh4 Kf7 62. Kg3 Ra2 1/2-1/2

[Event "Qatar Masters Open 2015"]
[Site "Doha QAT"]
[Date "2015.12.21"]
[Round "2.20"]
[White "Swiercz, Dariusz"]
[Black "Firouzja, Alireza"]
[Result "1-0"]
[WhiteElo "2646"]
[BlackElo "2372"]
[PlyCount "99"]
[EventDate "2015.12.20"]
[EventType "swiss"]
[EventRounds "9"]
[EventCountry "QAT"]
[Source "lmi"]
[SourceDate "2015.12.20"]

1. e4 c5 2. Nf3 d6 3. d4 cxd4 4. Nxd4 Nf6 5. Nc3 a6 6. h3 e6 7. g4 d5 8. exd5
Nxd5 9. Nde2 Bb4 10. Bg2 O-O 11. O-O Nxc3 12. Nxc3 Qc7 13. Qd4 Bd6 14. Be3 Bd7
15. Rad1 Bh2+ 16. Kh1 Be5 17. Qb6 Bc6 18. Qxc7 Bxc7 19. f4 f5 20. Bc5 Rf7 21.
gxf5 Rxf5 22. Bd6 Bb6 23. Rfe1 Bxg2+ 24. Kxg2 Nc6 25. Rxe6 Nd4 26. Re4 Nxc2 27.
Kf3 Rh5 28. Nd5 Ba7 29. Kg3 Rh6 30. Be5 Re8 31. Rd2 Rc6 32. Ree2 Na1 33. b3 Rc1
34. Nc7 Re7 35. Rd8+ Kf7 36. Nd5 Rd1 37. Kf3 Rd3+ 38. Ke4 Rd4+ 39. Kf3 Rd3+ 40.
Kg4 Bb6 41. Rd6 Bc5 42. Nxe7 Bxd6 43. Nf5 Bxe5 44. fxe5 g6 45. e6+ Ke8 46. Nh6
Rd5 47. e7 Rd4+ 48. Kg5 Rd5+ 49. Kf6 Rc5 50. Kg7 1-0

[Event "Qatar Masters Open 2015"]
[Site "Doha QAT"]
[Date "2015.12.21"]
[Round "2.21"]
[White "Tissir, Mohamed"]
[Black "Vidit, Santosh Gujrathi"]
[Result "1/2-1/2"]
[WhiteElo "2346"]
[BlackElo "2644"]
[PlyCount "82"]
[EventDate "2015.12.20"]
[EventType "swiss"]
[EventRounds "9"]
[EventCountry "QAT"]
[Source "lmi"]
[SourceDate "2015.12.20"]

1. e4 e6 2. d4 d5 3. Nc3 Nf6 4. Bg5 dxe4 5. Nxe4 Be7 6. Bxf6 gxf6 7. Qd3 f5 8.
Nc3 Nd7 9. O-O-O Nf6 10. Nf3 a6 11. Ne5 c5 12. dxc5 Qc7 13. f4 Bxc5 14. Be2 Nd7
15. g4 Nxe5 16. fxe5 Bd7 17. gxf5 O-O-O 18. fxe6 Bc6 19. Qh3 fxe6 20. Bf3 Bxf3
21. Qxf3 Bd4 22. Ne4 Bxe5 23. h3 Qc4 24. Kb1 Rhf8 25. Rxd8+ Rxd8 26. a3 Kb8 27.
Re1 Rd5 28. Re3 Rd4 29. Nc3 Rf4 30. Qd1 Rf1 31. Re1 Rxe1 32. Qxe1 Bxc3 33. bxc3
Qd5 34. Qh4 h5 35. c4 Qc5 36. Kb2 Ka7 37. c3 Qb6+ 38. Kc2 Qa5 39. Kb2 Qb6+ 40.
Kc2 Qa5 41. Kb2 Qb6+ 1/2-1/2

[Event "Qatar Masters Open 2015"]
[Site "Doha QAT"]
[Date "2015.12.21"]
[Round "2.22"]
[White "Raja, Harshit"]
[Black "Sethuraman, S.P."]
[Result "0-1"]
[WhiteElo "2325"]
[BlackElo "2639"]
[PlyCount "62"]
[EventDate "2015.12.20"]
[EventType "swiss"]
[EventRounds "9"]
[EventCountry "QAT"]
[Source "lmi"]
[SourceDate "2015.12.20"]

1. e4 g6 2. d4 Bg7 3. Nf3 d6 4. Nc3 a6 5. a4 b6 6. Bc4 e6 7. Bg5 Ne7 8. Qd2 h6
9. Be3 Nd7 10. O-O Bb7 11. h3 Nf6 12. Bd3 d5 13. e5 Ne4 14. Qe2 c5 15. dxc5
Nxc5 16. a5 Nc6 17. b4 Nxd3 18. Qxd3 Nxb4 19. Qd2 bxa5 20. Bc5 Rc8 21. Na4 d4
22. Ra3 d3 23. Bxb4 axb4 24. Rxd3 Qa5 25. Nb2 O-O 26. Re1 Rc3 27. Nd4 Qd5 28.
Nf3 Rxd3 29. Nxd3 a5 30. Ra1 Rc8 31. Rb1 Qa2 0-1

[Event "Qatar Masters Open 2015"]
[Site "Doha QAT"]
[Date "2015.12.21"]
[Round "2.27"]
[White "Ni, Hua"]
[Black "Sagar, Shah"]
[Result "1-0"]
[WhiteElo "2693"]
[BlackElo "2441"]
[PlyCount "91"]
[EventDate "2015.12.20"]
[EventType "swiss"]
[EventRounds "9"]
[EventCountry "QAT"]
[Source "lmi"]
[SourceDate "2015.12.20"]

1. d4 Nf6 2. c4 e6 3. g3 Bb4+ 4. Bd2 Qe7 5. Nf3 Bxd2+ 6. Qxd2 Nc6 7. Bg2 Ne4 8.
Qc2 Qb4+ 9. Kf1 d5 10. e3 Qxc4+ 11. Qxc4 dxc4 12. Nbd2 Nxd2+ 13. Nxd2 e5 14.
Bxc6+ bxc6 15. dxe5 Be6 16. Ke2 Ke7 17. Rhc1 Rhb8 18. Rab1 Rb4 19. a3 Ra4 20.
e4 Rd8 21. Rc3 Rd4 22. Ke3 c5 23. Rbc1 h5 24. f4 g6 25. R1c2 Ke8 26. Nf3 Rd7
27. Ng5 Rd4 28. Rd2 Rxd2 29. Kxd2 Kd7 30. Rc2 Ke7 31. Nxe6 fxe6 32. Kc3 Kf7 33.
Rd2 Ke7 34. h3 Ke8 35. g4 h4 36. g5 Ke7 37. Rg2 Ra6 38. Rg4 Rb6 39. Rxh4 Rb3+
40. Kxc4 Rxb2 41. Rh7+ Kf8 42. Rxc7 Rc2+ 43. Kb5 Re2 44. Rxa7 Rxe4 45. Kxc5
Rxf4 46. Kd6 1-0

[Event "Qatar Masters Open 2015"]
[Site "Doha QAT"]
[Date "2015.12.21"]
[Round "2.28"]
[White "Puranik, Abhimanyu"]
[Black "Moiseenko, Alexander"]
[Result "1/2-1/2"]
[WhiteElo "2442"]
[BlackElo "2689"]
[PlyCount "85"]
[EventDate "2015.12.20"]
[EventType "swiss"]
[EventRounds "9"]
[EventCountry "QAT"]
[Source "lmi"]
[SourceDate "2015.12.20"]

1. e4 c5 2. c3 Nf6 3. e5 Nd5 4. d4 cxd4 5. Nf3 Nc6 6. cxd4 d6 7. Bc4 dxe5 8.
dxe5 Nb6 9. Qxd8+ Nxd8 10. Bb5+ Bd7 11. Nc3 a6 12. Be3 Bxb5 13. Nxb5 axb5 14.
Bxb6 Nc6 15. Ke2 e6 16. Rhc1 Be7 17. Bc5 b4 18. a3 bxa3 19. bxa3 Ra5 20. Bxe7
Kxe7 21. Rab1 Ra7 22. Nd2 Rd8 23. Nc4 f6 24. Nd6 fxe5 25. Rxb7+ Rxb7 26. Nxb7
Nd4+ 27. Ke3 Nf5+ 28. Ke2 Ra8 29. Rc3 Nd4+ 30. Kd3 Nb5 31. Rb3 Rxa3 32. Rxa3
Nxa3 33. Nc5 h6 34. h4 h5 35. g3 g6 36. Ne4 Nb5 37. Ng5 Kf6 38. Ne4+ Kf5 39. f3
Nd4 40. Ke3 Nc2+ 41. Kd2 Nd4 42. Ke3 Nc2+ 43. Kd2 1/2-1/2

[Event "Qatar Masters Open 2015"]
[Site "Doha QAT"]
[Date "2015.12.21"]
[Round "2.29"]
[White "Lorparizangeneh, Shahin"]
[Black "Adhiban, Baskaran"]
[Result "0-1"]
[WhiteElo "2454"]
[BlackElo "2669"]
[PlyCount "100"]
[EventDate "2015.12.20"]
[EventType "swiss"]
[EventRounds "9"]
[EventCountry "QAT"]
[Source "lmi"]
[SourceDate "2015.12.20"]

1. d4 Nf6 2. Bg5 Ne4 3. Bf4 c5 4. f3 Qa5+ 5. c3 Nf6 6. d5 Qb6 7. Bc1 e6 8. e4
exd5 9. exd5 Bd6 10. Na3 O-O 11. Bd3 Re8+ 12. Ne2 Bf8 13. Nc4 Qd8 14. Ne3 d6
15. O-O Nbd7 16. a4 Ne5 17. Bb1 b6 18. c4 g6 19. h3 Ned7 20. b3 Bh6 21. Ng4
Bxc1 22. Nxc1 Nh5 23. Ne2 f5 24. Nf2 Qh4 25. Qd2 Ndf6 26. Bc2 Bd7 27. Nd3 Re7
28. Qe1 Qg5 29. Qc1 Qxc1 30. Ndxc1 Rae8 31. Bd3 Re3 32. a5 Rxd3 33. Nxd3 Rxe2
34. axb6 axb6 35. g4 Ng3 36. Rfe1 g5 37. Ra6 Rd2 38. Nc1 Rc2 39. Ra2 Rc3 40.
Kg2 f4 41. Rb2 b5 42. Na2 Rd3 43. Nc1 Rd4 44. Rc2 bxc4 45. bxc4 Ba4 46. Rc3
Rd2+ 47. Kg1 Nd7 48. Re8+ Nf8 49. Rd8 Kf7 50. Nb3 Rb2 0-1

[Event "Qatar Masters Open 2015"]
[Site "Doha QAT"]
[Date "2015.12.21"]
[Round "2.30"]
[White "Fedoseev, Vladimir"]
[Black "Ali Marandi, Cemil Can"]
[Result "1/2-1/2"]
[WhiteElo "2664"]
[BlackElo "2454"]
[PlyCount "107"]
[EventDate "2015.12.20"]
[EventType "swiss"]
[EventRounds "9"]
[EventCountry "QAT"]
[Source "lmi"]
[SourceDate "2015.12.20"]

1. d4 d5 2. c4 c6 3. Nc3 Nf6 4. e3 e6 5. Nf3 Nbd7 6. Qc2 Bd6 7. b3 O-O 8. Be2
e5 9. cxd5 cxd5 10. Nb5 Bb4+ 11. Bd2 Bxd2+ 12. Nxd2 a6 13. dxe5 Nxe5 14. Nd4
Bg4 15. Bxg4 Nfxg4 16. Rc1 Qh4 17. g3 Qh3 18. Ke2 Nxe3 19. Kxe3 Rfe8 20. Qf5
Qh6+ 21. f4 Nc6+ 22. Kd3 Nxd4 23. Kxd4 Qb6+ 24. Kc3 g6 25. Qd7 Rad8 26. Qa4
Qe3+ 27. Kb2 Qxd2+ 28. Rc2 Qd3 29. Qa5 Rc8 30. Rxc8 Rxc8 31. Ka3 d4 32. Re1 b5
33. Qb4 Qc2 34. Qxd4 a5 35. Qd7 Qc5+ 36. Kb2 Qc2+ 37. Ka3 b4+ 38. Ka4 Qxa2+ 39.
Kb5 Rb8+ 40. Ka6 Qxb3 41. Re8+ Rxe8 42. Qxe8+ Kg7 43. Kxa5 Qb2 44. Kb5 b3 45.
Qe3 h5 46. Kb4 Qxh2 47. Qe5+ Kg8 48. Qe8+ Kg7 49. Qe5+ Kh7 50. Qd5 Qb2 51.
Qxf7+ Kh6 52. Qe7 Qg7 53. Qg5+ Kh7 54. Kxb3 1/2-1/2

[Event "Qatar Masters Open 2015"]
[Site "Doha QAT"]
[Date "2015.12.21"]
[Round "2.31"]
[White "Carlsson, Pontus"]
[Black "Akopian, Vladimir"]
[Result "0-1"]
[WhiteElo "2433"]
[BlackElo "2648"]
[PlyCount "112"]
[EventDate "2015.12.20"]
[EventType "swiss"]
[EventRounds "9"]
[EventCountry "QAT"]
[Source "lmi"]
[SourceDate "2015.12.20"]

1. e4 c5 2. Nf3 e6 3. c3 Nf6 4. e5 Nd5 5. d4 cxd4 6. cxd4 b6 7. Nc3 Nxc3 8.
bxc3 Qc7 9. Bd2 Be7 10. Bd3 Bb7 11. O-O d6 12. Re1 Nd7 13. Bg5 dxe5 14. Bxe7
Kxe7 15. Nxe5 Nxe5 16. Rxe5 Rhd8 17. Rc1 Kf8 18. Qg4 Rd5 19. Rxd5 Bxd5 20. c4
h6 21. Rc2 Bb7 22. Bf1 Rd8 23. Rd2 Qd6 24. Qe2 Qb4 25. Qe3 Ba6 26. Rc2 Kg8 27.
h3 Qb1 28. Qb3 Qd1 29. Rc3 Rxd4 30. Qxd1 Rxd1 31. f3 Ra1 32. a3 g5 33. Kf2 Kg7
34. Bd3 Kf6 35. c5 Ra2+ 36. Kg1 Bb7 37. cxb6 axb6 38. Rb3 Bd5 39. Rxb6 Rxa3 40.
Ba6 Ke5 41. Bb7 Kf4 42. Kh2 Rb3 43. Rxb3 Bxb3 44. Bc6 Bd5 45. Be8 e5 46. Bd7 h5
47. h4 gxh4 48. Be8 Be6 49. Bc6 Ke3 50. Bb7 Kf2 51. Bc6 f5 52. Kh3 e4 53. fxe4
fxe4+ 54. Kxh4 e3 55. Bb5 Bg4 56. g3 e2 0-1

[Event "Qatar Masters Open 2015"]
[Site "Doha QAT"]
[Date "2015.12.21"]
[Round "2.32"]
[White "Padmini, Rout"]
[Black "Khairullin, Ildar"]
[Result "1/2-1/2"]
[WhiteElo "2437"]
[BlackElo "2647"]
[PlyCount "262"]
[EventDate "2015.12.20"]
[EventType "swiss"]
[EventRounds "9"]
[EventCountry "QAT"]
[Source "lmi"]
[SourceDate "2015.12.20"]

1. e4 c6 2. Nf3 d5 3. Nc3 Bg4 4. h3 Bxf3 5. Qxf3 e6 6. d4 dxe4 7. Qxe4 Nf6 8.
Qd3 Na6 9. a3 Be7 10. g3 Qb6 11. Bg2 Rd8 12. Ne2 e5 13. c3 exd4 14. cxd4 O-O
15. O-O Nc7 16. b4 Nfd5 17. Rb1 Bf6 18. Rd1 Rfe8 19. Bf3 Qb5 20. Qxb5 Nxb5 21.
Bb2 Nb6 22. Rd3 Rd7 23. Rbd1 Red8 24. Kg2 g6 25. Bg4 Rd6 26. Nc3 Nxc3 27. Bxc3
a6 28. Be2 Bg7 29. h4 h5 30. Ba1 Bf6 31. f4 Nd5 32. f5 Ne7 33. fxg6 fxg6 34.
Rf3 Kg7 35. Rdf1 Re8 36. Rxf6 Rxf6 37. d5 Nxd5 38. Rf2 Ree6 39. g4 hxg4 40.
Bxg4 Ne3+ 41. Kg3 Nxg4 42. Kxg4 Kf7 43. Bxf6 Rxf6 44. Rd2 Ke7 45. Kg5 Re6 46.
Kf4 b6 47. Rc2 Kd6 48. Rd2+ Kc7 49. Rc2 a5 50. Kg5 Kb7 51. bxa5 bxa5 52. a4 Kb6
53. Rb2+ Kc5 54. Rf2 Kd5 55. Rf6 c5 56. Rxg6 Rxg6+ 57. Kxg6 c4 58. h5 c3 59. h6
c2 60. h7 c1=Q 61. h8=Q Qc2+ 62. Kg5 Qd2+ 63. Kf5 Qf2+ 64. Kg5 Qg3+ 65. Kf5
Qf3+ 66. Kg5 Qe3+ 67. Kf5 Qe4+ 68. Kg5 Qxa4 69. Qd8+ Kc4 70. Qc7+ Kb3 71. Qg3+
Ka2 72. Qf2+ Ka3 73. Qe3+ Qb3 74. Qc5+ Qb4 75. Qc1+ Ka4 76. Qd1+ Kb5 77. Qd7+
Kc4 78. Qg4+ Kc3 79. Qf3+ Kc2 80. Qf5+ Kb2 81. Qe5+ Qc3 82. Qe2+ Ka3 83. Qe7+
Ka2 84. Qe6+ Ka1 85. Qd7 Qc5+ 86. Kh6 Qe3+ 87. Kh5 Qe5+ 88. Kh6 Qf4+ 89. Kh7 a4
90. Qd1+ Kb2 91. Qe2+ Kc3 92. Qe1+ Kd4 93. Qb4+ Ke5 94. Qb8+ Ke4 95. Qb4+ Kf3
96. Qc3+ Kg4 97. Qg7+ Kh5 98. Qg6+ Kh4 99. Qa6 Qf7+ 100. Kh6 Qf8+ 101. Kh7 a3
102. Qc4+ Kg3 103. Qc7+ Qf4 104. Qc3+ Qf3 105. Qe5+ Kf2 106. Qc5+ Kf1 107. Qc1+
Kg2 108. Qd2+ Kg3 109. Qg5+ Kh3 110. Qh6+ Kg4 111. Qg7+ Kf5 112. Qf7+ Ke4 113.
Qc4+ Ke3 114. Qc3+ Ke2 115. Qc2+ Kf1 116. Qc1+ Kf2 117. Qd2+ Kg1 118. Qd4+ Kh1
119. Qh4+ Kg2 120. Qg5+ Kh3 121. Qh6+ Kg4 122. Qg7+ Kf5 123. Qf7+ Ke4 124. Qc4+
Ke5 125. Qc5+ Ke6 126. Qb6+ Kf5 127. Qg6+ Ke5 128. Qe8+ Kd4 129. Qa4+ Ke5 130.
Qe8+ Kd6 131. Qd8+ Kc5 1/2-1/2

[Event "Qatar Masters Open 2015"]
[Site "Doha QAT"]
[Date "2015.12.21"]
[Round "2.33"]
[White "Shankland, Samuel L"]
[Black "Vignesh, N R."]
[Result "1/2-1/2"]
[WhiteElo "2646"]
[BlackElo "2422"]
[PlyCount "118"]
[EventDate "2015.12.20"]
[EventType "swiss"]
[EventRounds "9"]
[EventCountry "QAT"]
[Source "lmi"]
[SourceDate "2015.12.20"]

1. Nf3 Nf6 2. g3 d5 3. Bg2 c6 4. O-O Bf5 5. c4 e6 6. cxd5 cxd5 7. Qb3 Qc8 8. d3
Nc6 9. Bf4 Be7 10. Nc3 O-O 11. Rac1 Qd7 12. Ne5 Nxe5 13. Bxe5 Bg6 14. Nb5 Rfc8
15. Rxc8+ Qxc8 16. Nc7 Rb8 17. Rc1 Qd8 18. Nxd5 exd5 19. Bxb8 Qxb8 20. Bxd5
Nxd5 21. Qxd5 Bd6 22. Qb5 Qd8 23. Qxb7 Bf5 24. Qxa7 h5 25. Qd4 Qb8 26. b4 Bg4
27. Qe4 Qa7 28. b5 Qxa2 29. b6 Qb2 30. Qc6 Bd7 31. Qxd7 Qxc1+ 32. Kg2 Qc5 33.
b7 Qe5 34. Qc6 g5 35. e3 Kg7 36. d4 Qe7 37. Kf3 f5 38. Ke2 Qc7 39. Qxc7+ Bxc7
40. f3 Kf6 41. e4 fxe4 42. fxe4 Ke6 43. Kd3 Kd6 44. e5+ Kd5 45. Ke3 Bb8 46. h4
gxh4 47. gxh4 Bc7 48. Kd3 Bb8 49. Kc3 Bc7 50. Kb3 Kc6 51. e6 Bd6 52. Kc4 Kxb7
53. Kd5 Kc7 54. Ke4 Be7 55. Kf5 Kd6 56. Kg6 Kxe6 57. Kxh5 Bxh4 58. Kxh4 Kd5 59.
Kg5 Kxd4 1/2-1/2

[Event "Qatar Masters Open 2015"]
[Site "Doha QAT"]
[Date "2015.12.21"]
[Round "2.34"]
[White "Nguyen, Ngoc Truong Son"]
[Black "Abdusattorov, Nodirbek"]
[Result "1/2-1/2"]
[WhiteElo "2642"]
[BlackElo "2429"]
[PlyCount "131"]
[EventDate "2015.12.20"]
[EventType "swiss"]
[EventRounds "9"]
[EventCountry "QAT"]
[Source "lmi"]
[SourceDate "2015.12.20"]

1. e4 c5 2. Nf3 d6 3. d4 cxd4 4. Nxd4 Nf6 5. Nc3 a6 6. h3 e5 7. Nde2 h5 8. g3
Be7 9. Bg2 Nbd7 10. a4 b6 11. Nd5 Nxd5 12. Qxd5 Rb8 13. Nc3 Bb7 14. Qd1 h4 15.
g4 O-O 16. O-O Nc5 17. Be3 Ne6 18. Nd5 Bxd5 19. exd5 Nf4 20. Bxf4 exf4 21. Qf3
Bf6 22. c3 Be5 23. Rfe1 Qc7 24. Bf1 b5 25. axb5 axb5 26. Re4 b4 27. Rc4 Qd7 28.
cxb4 Rfc8 29. Rac1 Bxb2 30. Rxc8+ Rxc8 31. Rc6 Rb8 32. Qxf4 Be5 33. Qc4 Qa7 34.
Kg2 g6 35. b5 Qa3 36. Ra6 Qb2 37. Ra2 Qd4 38. Qxd4 Bxd4 39. Ra4 Bc5 40. Bd3 Kg7
41. g5 Re8 42. Rxh4 Re5 43. Rg4 Rxd5 44. Bc4 Rf5 45. f4 Bb6 46. h4 Rc5 47. Bd3
Rd5 48. Rg3 Rd4 49. Rf3 d5 50. Kh3 Ba5 51. f5 gxf5 52. Bxf5 Be1 53. Bg4 Rb4 54.
Rf1 Rb3+ 55. Bf3 Bd2 56. b6 Rxb6 57. Bxd5 f6 58. Kg4 fxg5 59. Rf7+ Kh8 60. Rf8+
Kg7 61. Rf7+ Kh8 62. hxg5 Rg6 63. Rf8+ Kg7 64. Rf5 Rxg5+ 65. Rxg5+ Bxg5 66.
Kxg5 1/2-1/2

[Event "Qatar Masters Open 2015"]
[Site "Doha QAT"]
[Date "2015.12.21"]
[Round "2.35"]
[White "Sasikiran, Krishnan"]
[Black "Saiyn, Zhanat"]
[Result "1-0"]
[WhiteElo "2638"]
[BlackElo "2394"]
[PlyCount "79"]
[EventDate "2015.12.20"]
[EventType "swiss"]
[EventRounds "9"]
[EventCountry "QAT"]
[Source "lmi"]
[SourceDate "2015.12.20"]

1. d4 Nf6 2. c4 e6 3. g3 Bb4+ 4. Nd2 d5 5. Bg2 O-O 6. Ngf3 b6 7. cxd5 exd5 8.
a3 Bd6 9. O-O Nbd7 10. Nb1 Bb7 11. Nc3 a6 12. Nh4 Re8 13. Nf5 Bf8 14. Bf4 Ne4
15. Nxe4 dxe4 16. Rc1 c5 17. Nd6 Bxd6 18. Bxd6 Qf6 19. dxc5 Nxc5 20. Bxc5 bxc5
21. Rc3 Rac8 22. Qc1 Red8 23. Rd1 Rxd1+ 24. Qxd1 Qf5 25. Qc2 Qe5 26. h4 g6 27.
e3 Kg7 28. Bh3 Rc6 29. Bg2 Rc8 30. Bf1 a5 31. Bg2 c4 32. Bf1 Bd5 33. a4 Qe6 34.
Qd2 Rc6 35. Qd4+ Kg8 36. Rc1 Qf5 37. Rd1 Rf6 38. Rd2 Bc6 39. Bh3 Qf3 40. Bg4
1-0

[Event "Qatar Masters Open 2015"]
[Site "Doha QAT"]
[Date "2015.12.21"]
[Round "2.36"]
[White "Lenderman, Aleksandr"]
[Black "Haria, Ravi"]
[Result "1-0"]
[WhiteElo "2626"]
[BlackElo "2416"]
[PlyCount "125"]
[EventDate "2015.12.20"]
[EventType "swiss"]
[EventRounds "9"]
[EventCountry "QAT"]
[Source "lmi"]
[SourceDate "2015.12.20"]

1. d4 e6 2. c4 Bb4+ 3. Nd2 b6 4. Ngf3 Bb7 5. a3 Bxd2+ 6. Bxd2 f5 7. g3 Nf6 8.
Bg2 O-O 9. O-O Be4 10. Bc3 Nc6 11. Qb3 a5 12. Rac1 Qe8 13. d5 a4 14. Qd1 Nd8
15. Be5 d6 16. Bxf6 Rxf6 17. Re1 e5 18. Bf1 f4 19. Ng5 Bf5 20. gxf4 exf4 21. e3
f3 22. Qxf3 Nf7 23. h4 h6 24. Nxf7 Qxf7 25. h5 Bg6 26. Qh3 Bxh5 27. f4 Bg4 28.
Qh4 Qg6 29. Kh2 Qf5 30. Rc3 Re8 31. Bd3 Qh5 32. Qxh5 Bxh5 33. Rg1 Kf7 34. Bc2
Ra8 35. Rg3 Bg6 36. Bd1 Bf5 37. Kg1 g6 38. Kf2 Be4 39. Ke1 Kg7 40. Kd2 Rf7 41.
Rc1 Ra5 42. Bg4 Kf6 43. Kc3 Rc5 44. Be6 Re7 45. Kd4 Bf5 46. Rcg1 b5 47. cxb5
Rxb5 48. e4 Bxe6 49. Rxg6+ Kf7 50. dxe6+ Rxe6 51. Rg7+ Kf8 52. Rg8+ Kf7 53.
R1g7+ Kf6 54. Rxc7 Re7 55. Rf8+ Kg7 56. Rxe7+ Kxf8 57. Re6 d5 58. Rxh6 dxe4 59.
Kxe4 Rxb2 60. Ra6 Rb5 61. Rxa4 Ke7 62. Ra6 Rc5 63. a4 1-0

[Event "Qatar Masters Open 2015"]
[Site "Doha QAT"]
[Date "2015.12.21"]
[Round "2.37"]
[White "Bartel, Mateusz"]
[Black "Khademalsharieh, Sarasadat"]
[Result "1/2-1/2"]
[WhiteElo "2620"]
[BlackElo "2380"]
[PlyCount "71"]
[EventDate "2015.12.20"]
[EventType "swiss"]
[EventRounds "9"]
[EventCountry "QAT"]
[Source "lmi"]
[SourceDate "2015.12.20"]

1. d4 Nf6 2. c4 e6 3. Nf3 b6 4. Bf4 Bb7 5. e3 Bb4+ 6. Nfd2 O-O 7. a3 Be7 8. Nc3
c5 9. d5 exd5 10. cxd5 d6 11. e4 a6 12. a4 Re8 13. Be2 Bf8 14. O-O Nbd7 15. Bg3
Qc7 16. Kh1 g6 17. f4 Bg7 18. Bf3 c4 19. Rc1 Rac8 20. Be2 Nc5 21. e5 Nxd5 22.
Nxd5 Bxd5 23. Nxc4 Qc6 24. Nxd6 Bxg2+ 25. Kg1 Bxf1 26. Bxf1 Qd7 27. Bc4 Rcd8
28. Bh4 Ne4 29. Bxd8 Rxd8 30. Bxf7+ Kf8 31. Ba2 Nxd6 32. exd6 Qxd6 33. Qxd6+
Rxd6 34. Rc8+ Ke7 35. Rc7+ Rd7 36. Rxd7+ 1/2-1/2